Normal view
MARC view
- Bloch, Heiz
Entry Personal Name
001 - CONTROL NUMBER
- control field: 118044
003 - CONTROL NUMBER IDENTIFIER
- control field: NUST
005 - DATE AND TIME OF LATEST TRANSACTION
- control field: 20230919150236.0
008 - FIXED-LENGTH DATA ELEMENTS
- fixed length control field: 230919|| aca||aabn | a|a d
040 ## - CATALOGING SOURCE
- Original cataloging agency: NUST
- Transcribing agency: NUST
100 ## - HEADING--PERSONAL NAME
- Personal name: Bloch, Heiz
670 ## - SOURCE DATA FOUND
- Source citation: Work cat.: (NUST)599661: Bloch, Heiz , Practical lubrication for industrial facilities /, 2019-09-27
